|
|
|
|
| LEADER |
00879cam a2200217 7i4500 |
| 001 |
0000078360 |
| 005 |
20230622090000.0 |
| 020 |
|
|
|a 9783527828494 (electronic book)
|
| 090 |
0 |
0 |
|a TA418.9.N35
|b G73 2022
|
| 245 |
0 |
0 |
|a Graphdiyne :
|b fundamentals and applications in renewable energy and electronics
|c edited by Yuliang Li.
|
| 264 |
|
|
|a Germany:
|b Wiley-VCH, Weinheim,
|c 2022.
|
| 300 |
|
|
|a 1 online resource (xii, 380 pages):
|b illustrations, text file, PDF.
|
| 336 |
|
|
|a text
|2 rdacontent
|
| 337 |
|
|
|a computer
|2 rdamedia
|
| 338 |
|
|
|a online resource
|2 rdacarrier
|
| 650 |
|
0 |
|a Nanostructured materials
|
| 700 |
1 |
|
|a Li, Yuliang
|
| 856 |
4 |
2 |
|u http://library.unisel.edu.my/web/guest/mylibrary
|
| 997 |
|
|
|a Engineering & Life Sciences, Faculty
|b Engineering, Department
|
| 998 |
|
|
|a Electrical & Electronic Engineering, Diploma
|
| 999 |
|
|
|a EBO0020534
|b EBOOK
|c EBOOK
|e Electronic resources
|